000 00978nas a2200325 4500
001 BR0800103
003 BR-BrBNA
005 20231205111433.0
007 ta
008 230509b bl.|||p| |||| 00| 00por d
040 _aBR-BrBNA
_bpor
_cBiblioteca Nacional de Agricultura
041 _a(Pt)
072 _aL73; L70
100 1 _aGrasso, L.M.P.S.
100 1 _aVeríssimo, C.J.
100 1 _aSilva, D.M.
100 1 _aHipolito, M.
100 1 _aOtsuk, I.P.
245 1 _aEstudo da mastite subclínica em rebalho Gir e mestiço (Holandês X Gir)2. Prevalência, etiologia e sensibilidade
650 _aDOENÇA ANIMAL
650 _aMAMITE
650 _aBACTÉRIA
650 _aGADO GIR
650 _aGADO LEITEIRO
650 _aGADO MESTIÇO
650 _aMEDICAMENTO
773 0 _tArquivos do Instituto Biológico (Brazil)
_xISSN 0020-3653
_g(Jul-Dec 1998), v. 65(2) p. 87-93
_wBR0800103
909 _a202311
_bLúcia
_c55
_dLúcia Elande
942 _2AGRIS
_n0
_cANA
999 _c192719
_d192719